Responses for Show #3903 - Wednesday, July 18, 2001

Alan Bailey game 5.

Contestants

[<< previous game]

Chris Todd, a zoo educator from New York City, New York

Emily Eagan, a law student from New Orleans, Louisiana

Alan Bailey, a playwright and director from Sherman Oaks, California (whose 4-day cash winnings total $45,501)

[next game >>]

Jeopardy! Round responses

HISTORY
RUSSELING
IT'S "BIG"
KANSAS CITIES
MILITARY TELEVISION
THEM'S FIGHTIN' WORDS
    $100 6
Joan of Arc

Emily
    $100 11
Kurt Russell

Emily
    $100 1
Bigfoot

Chris
    $100 26
Topeka

Alan
    $100 21
JAG

Chris
    $100 16
the hatchet

Chris
    $200 7
Pluto

Chris
    $200 12
Russell Simmons

Chris
    $200 2
Big Ben

Emily
    $200 27
(Emily: What is Kansas City?)

Wichita

AlanEmily
    $200 22
China Beach

Alan
    $200 17
your dukes

Emily
    $300 8
Trudeau

Chris
    $300 13
Bill Russell

Chris
    $300 3
(Emily: What is Big Momma?)

Big Momma's House

AlanEmily
    $300 28
Grant

Chris
    $300 23
Gavin MacLeod

Chris
    $300 18
tanned

Chris
    $400 9
the Boy Scouts

Alan
    $400 14
Jane Russell

Chris
    $400 4
Big Bang

Alan
    $1,500 29
(Chris: What is Lawrence?)
...
(Alex: What is [*], the home of Kansas State. The "Little Apple", the "Big Apple".)
[The end-of-round signal sounds.]

Manhattan

Chris
    $400 24
Rin Tin Tin

Alan
    $400 19
kicked it

Emily
    $500 10
most favored nation

Chris
    $500 15
Russ Feingold

Emily
    $500 5
(Chris: What is Big Wheel?)
[Originally ruled incorrect. After the commercial break, Chris is given credit for "Big Wheel".]

Big Wheels

EmilyChris
    $500 25
(Emily: Who is Damon?)

Keenen Ivory Wayans

AlanEmily
    $500 20
The Clash

Chris

Scores at the first commercial break (after clue 15):

Alan Emily Chris
$1,100 $1,100 $2,500

Scores at the end of the Jeopardy! Round:

Alan Emily Chris
$2,500 $1,000 $2,600

Double Jeopardy! Round responses

LITERARY ALLUSIONS
CLIMBING
JUST PLANE GEOMETRY
THE DIRECTOR'S CHAIR
SAINTS
IT ENDS WITH "US"
    $200 16
the Holy Grail

Chris
    $200 21
South America

Chris
    $200 26
Euclid

Alan
    $200 11
(John) Ford

Chris
    $200 1
Seville

Chris
    $200 6
fungus

Alan
    $400 17
platonic (or Plato)

Emily
    $400 22
rock climbing

Emily
    $400 27
180

Chris
    $400 12
Robert Redford

Emily
    $400 2
Santa Monica

Triple Stumper
    $400 7
syllabus

Chris
    $600 18
Shangri-La

Chris
    $600 23
(Emily: What is hape?)
[originally counted wrong, Emily was given credit prior to wagering on the Daily Double later in the game. See clue 29.]

pulmonary edema

Emily
    $600 28
the hypotenuse

Emily
    $600 13
David Lean

Alan
    $600 3
stigmata

Emily
    $600 8
Sagittarius

Alan
    $800 19
(Frank) Baum

Alan
    $800 24
carabiner

Emily
    $1,000 29
(Alex: And Emily, before I ask you to make your wager, I have some good news for you. One of the joys of hosting this program is that I am continuously learning things. You gave a response a while ago of "hape" in that CLIMBING category. Hape, we find out, is "high altitude pulmonary edema" and that's what we were going for. So you taught us something, and as a result you add $1,200 to your total, so you're now at $4,000 as you make your wager. And you realize, of course, that if you risked it all and responded correctly, you and Alan would be tied for the lead.)
(Emily: Yeah, yeah, yeah.)
[Audience laughter]
(Alex: But it's JUST PLANE GEOMETRY.)
(Emily: Yeah, I didn't study too hard in geometry. Let's go with a thousand, please.)

the world, the earth (the land)

Emily
    $800 14
Costa-Gavras

Alan
    $800 4
(Emily: What is the St. James?)

St. Jerome's or the Vulgate

Emily
Triple Stumper
    $3,300 9
Bosphorus

Alan
    $1000 20
Ralph Waldo Emerson

Triple Stumper
    $1000 25
to belay

Chris
    $1000 30
(Emily: What is a compass?)

an ellipse

EmilyChris
    $1000 15
Mimi Leder

Triple Stumper
    $1000 5
Bede

Chris
    $1000 10
(Alan: Who is Odysseus?)
...
(Alex: Two other names might have come to mind: Perseus or [*], and it is [*] instead.)

Theseus

Alan
Triple Stumper

Scores at the end of the Double Jeopardy! Round:

Alan Emily Chris
$8,000 $4,000 $7,800

[wagering suggestions for these scores]

Final Jeopardy! Round responses

INTERNATIONAL LANDMARKS
(Alex: I'm sure you've thought about it. What was your selection with regard to the automobiles?)
(Alan: The Suburban.)
(Alex: Suburban. All right. Johnny?)
(Johnny Gilbert: Well congratulations, Alan. As a five-time undefeated Jeopardy! champion, you have won the 2001 Chevy Suburban 4x4. From Chevy, the most dependable, long-lasting trucks on the road.)
EmilyWhat is the Sydney Opera House?!
$3,500
ChrisWhat is the Sydney Opera House?
$201
AlanWhat is the Sydney Opera House?
$8,000
the Sydney Opera House

Final scores:

Alan Emily Chris
$16,000 $7,500 $8,001
5-day champion: $61,501 3rd place: VocoPro Karaoke system 2nd place: 7-night Caribbean cruise from Costa Cruises

Game dynamics:

Coryat scores:

Alan Emily Chris
$5,500 $3,800 $9,300
15 R
(including 1 DD),
1 W
15 R
(including 1 DD),
5 W
24 R,
1 W
(including 1 DD)

Combined Coryat: $18,600

[game] [game scores] [suggest correction]

Game tape date: 2001-03-22
The J! Archive is created by fans, for fans. Scraping, republication, monetization, and malicious use prohibited; this site may use cookies and collect identifying information. See terms. The Jeopardy! game show and all elements thereof, including but not limited to copyright and trademark thereto, are the property of Jeopardy Productions, Inc. and are protected under law. This website is not affiliated with, sponsored by, or operated by Jeopardy Productions, Inc. Join the discussion at JBoard.tv.